000 00388nam a22001217a 4500
008 230606b xxu||||| |||| 00| 0 eng d
082 _a342.03
245 _aConstitution Of Kenya Commission
_cConstitution Of Kenya Review Commission
260 _aKenya
_bConstitution Of Kenya Review Commission
_c2005
300 _a108 p
710 _bConstitution Of Kenya Review Commission
942 _2ddc
_cBK
999 _c624
_d624